<?xml version="1.0" encoding="UTF-8"?>
<record
    xmlns:xsi="http://www.w3.org/2001/XMLSchema-instance"
    xsi:schemaLocation="http://www.loc.gov/MARC21/slim http://www.loc.gov/standards/marcxml/schema/MARC21slim.xsd"
    xmlns="http://www.loc.gov/MARC21/slim">

  <leader>01078nam a22002175i 4500</leader>
  <controlfield tag="001">160535</controlfield>
  <controlfield tag="003">ES-MaACL</controlfield>
  <controlfield tag="005">20250824074925.0</controlfield>
  <controlfield tag="008">000203s1879    sp           |||| | spa d</controlfield>
  <datafield tag="040" ind1=" " ind2=" ">
    <subfield code="a">CAM </subfield>
    <subfield code="b">spa </subfield>
    <subfield code="c">CAM</subfield>
  </datafield>
  <datafield tag="100" ind1="1" ind2=" ">
    <subfield code="a">Navarro, Calisto.</subfield>
    <subfield code="9">130413</subfield>
  </datafield>
  <datafield tag="245" ind1="1" ind2="0">
    <subfield code="a">&#xA1;A lo tonto... a lo tonto _&#xA1; </subfield>
    <subfield code="b">: juguete c&#xF3;mico en un acto y en verso / </subfield>
    <subfield code="c">original de Calisto Navarro.</subfield>
  </datafield>
  <datafield tag="260" ind1=" " ind2=" ">
    <subfield code="a">Madrid : </subfield>
    <subfield code="b">[Hijos de A. Gullon editores], </subfield>
    <subfield code="c">1879 (</subfield>
    <subfield code="f">Establecimiento tipogr&#xE1;fico de M.P. Montoya y compa&#xF1;&#xED;a)</subfield>
  </datafield>
  <datafield tag="300" ind1=" " ind2=" ">
    <subfield code="a">29 p. ; </subfield>
    <subfield code="c">20 cm.</subfield>
  </datafield>
  <datafield tag="490" ind1="1" ind2=" ">
    <subfield code="a">El teatro : colecci&#xF3;n de obras dram&#xE1;ticas y l&#xED;ricas</subfield>
  </datafield>
  <datafield tag="500" ind1=" " ind2=" ">
    <subfield code="a">En port.: Estrenado en el teatro de Eslava de Madrid, la noche del 12 de febrero de 1879.</subfield>
  </datafield>
  <datafield tag="596" ind1=" " ind2=" ">
    <subfield code="a">Ed. y menci&#xF3;n de serie tomados de la cub.</subfield>
  </datafield>
  <datafield tag="830" ind1="0" ind2="3">
    <subfield code="a">El teatro: colecci&#xF3;n de obras dram&#xE1;tica y l&#xED;ricas</subfield>
    <subfield code="9">221753</subfield>
  </datafield>
  <datafield tag="852" ind1=" " ind2=" ">
    <subfield code="a">ES-MaACL</subfield>
    <subfield code="j">F-8578(2) </subfield>
    <subfield code="z">-- Enc. pasta espa&#xF1;ola </subfield>
    <subfield code="q">-- Falto de la cub. original</subfield>
    <subfield code="z">-- Enc. en un vol. facticio ormando parte de la col. facticia Teatro espa&#xF1;ol moderno, vol. 31</subfield>
  </datafield>
  <datafield tag="999" ind1=" " ind2=" ">
    <subfield code="c">160535</subfield>
    <subfield code="d">160535</subfield>
  </datafield>
  <datafield tag="952" ind1=" " ind2=" ">
    <subfield code="0">0</subfield>
    <subfield code="1">0</subfield>
    <subfield code="4">0</subfield>
    <subfield code="7">0</subfield>
    <subfield code="8">LIBXIX</subfield>
    <subfield code="a">ATENEOM</subfield>
    <subfield code="b">ATENEOM</subfield>
    <subfield code="c">SPP2</subfield>
    <subfield code="d">2008-01-17</subfield>
    <subfield code="l">0</subfield>
    <subfield code="o">F-8578(2)</subfield>
    <subfield code="p">1168091</subfield>
    <subfield code="r">2023-02-23 00:00:00</subfield>
    <subfield code="w">2023-02-23</subfield>
    <subfield code="y">MONANT</subfield>
  </datafield>
</record>
